MDQL
is popping MORE tags! Check the
thread
!
Quizzes
Events
Quiz Creation
Community
Videos
Private Events
Remove Ads
Sign In
Join for FREE
Feedback
Dark Mode
Quiz Categories
Sports
Geography
Music
Movies
Television
Just For Fun
Miscellaneous
History
Literature
Language
Science
Gaming
Entertainment
Religion
Holiday
For Kids
Quiz Lab
Recent
Popular Today
Quiz Kudos Today
Editor Picks
Curator Picks
Quizzes by...
Day
Popularity
Type
Ratings
Length
Year
Community
Subscriptions
Recent Discussions
Orange Saloon
Badges
Playlists
Quests
Create
Leaderboards
Showdown
Live 5
Trivia Bingo
Activity
Puzzle Library
Sporcle Events
Private Events
Virtual Trivia
Globe League
Become a Host
Pub Owners
SporcleCon
Opinionation
Our Games
Videos
Blog
Mobile Apps
Partnerships
Remove Ads and Go Orange
Feedback
Sports
Athletes
MLB
NBA
NHL
NFL
Soccer
Sports Teams
WWE
NCAA
Football
Premier League
Basketball
Baseball
Hockey
Golf
Tennis
Cricket
Rugby
Auto Racing
Olympics
World Cup
Sports
Athletes
MLB
NBA
NHL
NFL
Soccer
Sports Teams
WWE
NCAA
Football
Premier League
Basketball
Baseball
Hockey
Golf
Tennis
Cricket
Rugby
Auto Racing
Olympics
World Cup
Random Quiz
Search Sporcle
×
Quiz Lab
Quiz Lab
Sports
500
Type in answers that appear in a list
Type in answers that appear in a list
Classic
Best Score? Go Orange.
500 Home Runs Lineups 1970-1978 Stats
Can you name the 500 Home Runs Lineups?
By
Flags12345
10m
72 Questions
295 Plays
295 Plays
295 Plays
Comments
Comments
Give Quiz Kudos
Give Quiz Kudos
-
- Ratings
hide this ad
More Info
Replay
Link that replays current quiz
Next Quiz
Link to next quiz in quiz playlist
You Got
0%
They Got
Avg Score
44%
Avg Friend Score
Upgrade to see
Score Distribution
Jump to the score distribution portion of the page
Score
0/72
Timer
10:00
0
Plays Today
% Correct
Hank Aaron
98%
Frank Robinson
97.6%
Brooks Robinson
97.6%
Frank Robinson
97.6%
Brooks Robinson
97.6%
Harmon Killebrew
95.6%
Ernie Banks
92.2%
Willie McCovey
88.1%
Ron Santo
87.1%
Billy Williams
85.8%
Boog Powell
81.7%
Boog Powell
81.7%
Davey Johnson
80.3%
Davey Johnson
80.3%
Rod Carew
74.6%
Mark Belanger
70.2%
Mark Belanger
70.2%
Tony Oliva
69.2%
Norm Cash
67.8%
Mike Cuellar
64.4%
Joe Niekro
61.7%
Bill Freehan
60.7%
Don Kessinger
58.6%
Bob Horner
57.6%
Darrell Evans
50.8%
Ellie Hendricks
47.8%
Sonny Jackson
47.1%
Jack Clark
46.8%
Glenn Beckert
46.4%
Pat Dobson
45.8%
Orlando Cepeda
45.4%
Andy Etchebarren
43.7%
Don Buford
43.4%
Don Buford
43.4%
Rico Carty
43.1%
Aurelio Rodriguez
41.7%
% Correct
Dick McAuliffe
41%
Mickey Stanley
39.3%
Jim Northrup
38.6%
Cesar Tovar
34.9%
Gates Brown
33.2%
Jeff Burroughs
33.2%
Felix Millan
31.5%
Jim Hickman
31.5%
John Montefusco
31.2%
Merv Rettenmund
29.8%
Merv Rettenmund
29.8%
Jim Holt
25.4%
Ed Brinkman
25.4%
Johnnie LeMaster
25.1%
George Mitterwald
24.7%
Rowland Office
23.7%
Ken Holtzman
22%
Clete Boyer
21.7%
Bill Madlock
21.7%
Leo Cardenas
20.3%
Larry Herndon
17.3%
J.C. Martin
16.3%
Johnny Callison
15.9%
Tom Hall
15.6%
Mike Sadek
11.9%
Pat Jarvis
11.2%
Tony Gonzalez
10.2%
Steve Braun
10.2%
Bob Tillman
8.1%
Barry Bonnell
7.5%
Hector Cruz
7.1%
Rod Gilbreath
6.8%
Darrel Chaney
6.8%
Joe Nolan
6.1%
Bob Beall
3.4%
Jamie Easterley
0.7%
Quiz Playlist
Details
Report
Send in Message
Add To Playlist
More Info:
The lineups from when Ernie Banks, Harmon Killebrew, Frank Robinson and Willie McCovey hit their 500th home runs. More to come.
Classic:
Type in answers that appear in a list
Quiz Source
Last Updated: Feb 16, 2017
Quiz Scoreboard
CHALLENGE
Sign Up to Join the Scoreboard
Show All
Scores
Hide
Comments
May contain spoilers
Recently Published
1-10 Letter E Words III
by El_Dandy
Language
2m
Street Fighter Characters
by Artimus82
Gaming
60s
College Basketball Coaching Resumes
by pancakes188
Sports
9m
More to Explore
Quiz From the Vault
Featured Blog Post
Where Did the Easter Bunny Come From?
hide this ad
You Might Also Like...
Tags
500
home
run
Today's Top Quizzes in Sports
Browse Sports
hide this ad
Today's Top Quizzes in 500
Browse 500
Top Contributed Quizzes in Sports
1
2022 World Cup Stars
2
Les meilleurs buteurs des matchs entre le PSG et l’OM
3
FIFA Club World Cup Champions
4
Les entraîneurs de l'OM et du PSG au 21e siècle
5
Criteria MLB: Left Handed Sluggers
6
2023 MLB Unique Player Accomplishments
7
AFC Teams Reveal (Wrong Answers Minefield)
8
Players with Multiple 50 Home Run Seasons
9
5-to-1: FBS Animal Nicknames
10
5-to-1: UK Sports Teams
Explore More
Trending Topics
Crossword
Anime
NBA
Kpop
Marvel
Harry Potter
Disney
The Office
Pokémon
NFL
Song
Puzzle
WWE
Country
Soccer
hide this ad
More By:
Flags12345
Quiz
Plays
Rating
Category
Featured
Created
Album of the Year Nominees: '90s, '00s, '10s
26,404
4.46
Music
Oct 8, 2014
Almost MVPs (MLB)
14,815
4.54
Sports
May 14, 2019
Hall of Fame Years - Boston Red Sox
6,952
4.96
Sports
Nov 17, 2020
NCAA Champions in the Basketball Hall of Fame
6,455
4.36
Sports
Jan 29, 2019
Hall of Fame Years - New York Yankees
4,868
4.92
Sports
Nov 23, 2020
Go to Creator's Profile
Score Distribution
Quiz Creator Spotlight
Flags12345
Follow
Send a Message
Quizzes Created
-
Created Quiz Play Count
-
More By This Creator
Popular Quizzes Today
1
Find the US States - No Outlines Minefield
2
Find the Countries of Europe - No Outlines Minefield
3
The Countries of the World
4
Find the US States
5
Risky Map Clicking: Biggest States A-Z
6
US States
7
Popular People in 1961
8
Movies - When Are They Set?
More Sports Quizzes
2021 D1 College Lacrosse Teams
Quiz Lab
Trending Quizzes
Risky Map Clicking: Least Populous States A-Z
1-10 Letter G Words
1-10 Letter F Words
Countries of the World: 200 Million BC
Risky Map Clicking: Next State Alphabetically
Recently Updated
Beyoncé Albums
pecheneg
Leaping Animals
pecheneg
Reality TV Shows (A-Z)
bhenderson79
Rickey Henderson's Hall of Fame Teammates
pecheneg
Champions League XIs: Arsenal
pecheneg
Quick Pick: Celebrities in WWE's Hall of Fame
aduchscher
A-Z Keypad Blitz II
pecheneg
Multiple Oscar Actors
pecheneg
Mystery Phrase Blitz: Oscar 'Best Actors'
pecheneg
F. Scott Fitzgerald Novels
LTH
Trending Topics
Kpop
Marvel
Anime
Crossword
NBA
Harry Potter
Disney
NFL
Song
Pokémon
The Office
Puzzle
Soccer
WWE
Country
Your Account Isn't Verified!
In order to create a playlist on Sporcle, you need to verify the email address you used during registration. Go to your
Sporcle Settings
to finish the process.
Report this User
Report this user for behavior that violates our
Community Guidelines
.
Details:
Send Report
Go to the Sporcle.com Mobile Site →
Comments